000 00491nam a2200193 a 4500
001 7530
003 CO-ViMGA
008 141112s2004 ck r 000 u spa d
020 _a9505084412
040 _aCO-ViMGA
_bspa
_cCO-ViMGA
082 0 4 _a346 C438
100 1 _aCifuentes, Santos
_96853
245 1 0 _aDerechos Personalisimos /
_cSantos Cifuentes
250 _a2a
260 _aBuenos Aires :
_bAstrea,
_c1995
300 _a705 p. 22 cm
650 1 4 _aDERECHO PRIVADO
942 _2ddc
_cBK
999 _c19477
_d19477